Представление документа в формате MARC21

ПолеНазваниеЗначение
  Тип записи a
  Библиографический уровень m
001 Контрольный номер RU/URAIT/587019
005 Дата корректировки 20260429163606.6
008 Кодируемые данные 260429s2026 RU y f j 000 0 rus u
020 Индекс ISBN __
a ISBN 978-5-534-13147-5
c Цена, тираж 1529.00
040 Источник каталогиз. __
a Служба первич. каталог. ИКО Юрайт
c Служба, преобразующая запись ИКО Юрайт
e Правила каталог. RCR
041 Код языка издания __
a Код языка текста rus
044 Код страны публикации __
a Код страны публикации RU
080 Индекс УДК __
a Индекс УДК 543.08(075.8)
084 Индекс другой классификации/Индекс ББК __
2 Источник индекса rubbk
a Индекс другой классификации/Индекс ББК 24.4я73
100 Автор __
a Автор Смагунова А. Н.
q Полное имя Смагунова Антонина Никоновна
245 Заглавие __
a Заглавие Статистические методы в аналитической химии
b Продолж. заглавия учебник для вузов
c Ответственность А. Н. Смагунова, О. М. Карпукова.
250 Сведения об издании __
g пер. и доп
a Основные сведения об издании 2-е изд.
256 Характеристики компьютерного файла __
a Характеристики компьютерного файла Электрон. дан.
260 Выходные данные __
a Место издания Москва
b Издательство Юрайт
c Дата издания 2026
300 Физическое описание __
a Объем 364 с
440 Серия __
a Серия Высшее образование
500 Примечания __
a Примечание URL: https://urait.ru/bcode/587019 (дата обращения: 29.04.2026).
520 Аннотация __
a Аннотация Рассмотрены приемы статистической обработки результатов измерений, полученных при разработке и практическом применении методик количественного химического анализа (КХА). Предложены алгоритмы определения метрологических характеристик методик КХА и контроля качества работы аналитической лаборатории (оперативного контроля процедуры анализа, контроля стабильности результатов КХА, в том числе с применением карт Шухарта и кумулятивных сумм, статистического контроля). Все используемые приемы широко иллюстрированы примерами. Содержание соответствует актуальным требованиям Федерального государственного образовательного стандарта высшего образования. Для студентов высших учебных заведений, обучающихся по естественнонаучным направлениям.
538 Прим. о системных особенностях __
a Прим. о системных особенностях Режим доступа: Электронно-библиотечная система Юрайт, для авториз. пользователей
653 Ключевые слова __
a Ключевые слова Теория вероятностей и математическая статистика
653 Ключевые слова __
a Ключевые слова Математика и статистика
653 Ключевые слова __
a Ключевые слова Аналитическая химия
653 Ключевые слова __
a Ключевые слова Вычислительные методы в химии
653 Ключевые слова __
a Ключевые слова Основы аналитической химии
653 Ключевые слова __
a Ключевые слова Математические методы в химии
653 Ключевые слова __
a Ключевые слова Химия аналитическая
653 Ключевые слова __
a Ключевые слова Численные и статистические методы в химии
653 Ключевые слова __
a Ключевые слова Статистические методы в аналитической химии
653 Ключевые слова __
a Ключевые слова Методы математической статистики в химии
700 Другие авторы __
a Другие авторы Карпукова О. М.
q Полное имя Карпукова Ольга Михайловна
856 Электронный адрес документа 40
n Местонахождение сервера Юрайт
g Электронная книга
q Тип электронного формата html
h Имя пользователя ЮРАЙТ
v Часы доступа к ресурсу 20271231
2 Способ доступа Показать документ
x Служебное примечание https://urait.ru/book/cover/2238D630-170B-4D07-912A-D40BA39632C0
u URL https://urait.ru/bcode/587019
856 Электронный адрес документа 48
q Тип электронного формата cover
u URL https://urait.ru/book/cover/2238D630-170B-4D07-912A-D40BA39632C0
911 __
u 0030=https://urait.ru/bcode/587019
911 __
u 073a=9785534131475
u 073d=1529.00
911 __
u 106a=s
911 __
u 900l=
952 Тип литературы __
i Дисциплина Аналитическая химия
952 Тип литературы __
i Дисциплина Вычислительные методы в химии
952 Тип литературы __
i Дисциплина Основы аналитической химии
952 Тип литературы __
i Дисциплина Математические методы в химии
952 Тип литературы __
i Дисциплина Химия аналитическая
952 Тип литературы __
i Дисциплина Численные и статистические методы в химии
952 Тип литературы __
i Дисциплина Статистические методы в аналитической химии
952 Тип литературы __
i Дисциплина Методы математической статистики в химии